000 00367 a2200157 4500
001 152412
040 _cEscola São Tomás de Aquino
100 _aBANDEIRA, Manuel
240 1 0 _aMelhores poemas de Manuel Bandeira
_lpor
245 1 0 _aMelhores poemas de Manuel Bandeira
300 _a158
362 0 _a2003
440 1 _aGlobal
697 _aPoesia
942 _cBK
999 _c152412
_d152412